000
00267nam a22001217a 4500
040
_c
LP
082
_a
635
100
_a
NA
245
_a
Postharvest handing of fresh cut flowers and plant material
260
_a
Thailand
_b
NA
_c
1997
300
_a
11p;
942
_c
AEDBB
999
_c
10299
_d
10299